|
|
|
|
| LEADER |
00000nam0a2200000 4500 |
| 001 |
157987 |
| 005 |
20231031154105.0 |
| 035 |
|
|
|a (RuTPU)RU\TPU\book\171366
|
| 090 |
|
|
|a 157987
|
| 100 |
|
|
|a 20090416d1976 km y0rusy50 ca
|
| 101 |
0 |
|
|a rus
|
| 102 |
|
|
|a RU
|
| 105 |
|
|
|a a z 001zy
|
| 200 |
1 |
|
|a Аксонометрические изображения машиностроительных деталей
|f Ю. Я. Порсин
|
| 205 |
|
|
|a 2-е изд., перераб. и доп.
|
| 210 |
|
|
|a Ленинград
|c Машиностроение
|d 1976
|
| 215 |
|
|
|a 232 с.
|c ил.
|
| 320 |
|
|
|a Библиогр.: с. 230.
|
| 610 |
1 |
|
|a детали машин
|
| 610 |
1 |
|
|a машины
|
| 610 |
1 |
|
|a аксонометрические проекции
|
| 610 |
1 |
|
|a построение
|
| 610 |
1 |
|
|a аксонометрия
|
| 610 |
1 |
|
|a разрезы
|
| 610 |
1 |
|
|a рисунки
|
| 610 |
1 |
|
|a построение
|
| 610 |
1 |
|
|a чертежи
|
| 675 |
|
|
|a 744:621
|v 3
|
| 700 |
|
1 |
|a Порсин
|b Ю. Я.
|g Юрий Яковлевич
|
| 801 |
|
1 |
|a RU
|b 63413507
|c 20090416
|g PSBO
|
| 801 |
|
2 |
|a RU
|b 63413507
|c 20181210
|g RCR
|
| 942 |
|
|
|c BK
|